Clic Les noms des cathédrales belges - Statistiques

Statistiques générales
  • Ce quiz a été pris 7 fois
  • Le résultat moyen est 6 sur 18
Statistiques - réponses
Hint Explanation Réponse % Correct
Bruxelles (cathédrale catholique) Saint-Michel-et-Gudule
83%
Liège* Détruite en 1794 Notre-Dame-et-Saint-Lambert
67%
Namur Saint-Aubain
67%
Bruxelles (armées) Saint-Jacques-sur-Coudenberg
67%
Tournai Notre-Dame
50%
Anvers Notre-Dame
50%
Gand Saint-Bavon
50%
Malines Saint-Rombaut
50%
Bruges* Détruite en 1799 Saint-Donatien
33%
Bruges Saint-Sauveur
33%
Ypres Diocèse disparu Saint-Martin
17%
Bruxelles (orthodoxe russe) Saint-Nicolas-le-Thaumaturge
17%
Lièges Saint-Paul
17%
Malmédy* Diocèse disparu Saint-Pierre-et-Quirin
17%
Hasselt Saint-Quentin
17%
Tongres* Diocèse disparu Notre-Dame
0%
Bruxelles (anglicane) Sainte-Trinité
0%
Bruxelles (orhodoxe grecque) Saint-Michel-et-Gabriel
0%
Aucun quiz correspondant
Distribution des résultats
% des personnes avec chaque résultat
Percentile par nombre de réponses
Votre historique - résultats
Vous n’avez pas pris ce quiz